000 00372nam a22001577a 4500
003 SGT
020 _a978-81-317-1000-5
082 _a621.3822
_bPRO
100 _aPROAKIS,JOHN.G.
245 _aDIGITAL SIGNAL PROCESSING :PRINCIPLES,ALGORITHMS AND APPLICATIONS.
250 _a4TH
260 _aNOIDA
_bPEARSON
_c2016
300 _a1136
650 _aECE
942 _2ddc
_cBK
999 _c14543
_d14543